| 000 -LEADER |
| fixed length control field |
00718cam a2200217 i 4500 |
| 001 - CONTROL NUMBER |
| control field |
20917174 |
| 005 - DATE AND TIME OF LATEST TRANSACTION |
| control field |
20221107164838.0 |
| 008 - FIXED-LENGTH DATA ELEMENTS--GENERAL INFORMATION |
| fixed length control field |
190404s2019 enk b 001 0 eng d |
| 010 ## - LIBRARY OF CONGRESS CONTROL NUMBER |
| LC control number |
2019938777 |
| 020 ## - INTERNATIONAL STANDARD BOOK NUMBER |
| International Standard Book Number |
9780198809869x |
| 041 ## - LANGUAGE CODE |
| Language code of text/sound track or separate title |
eng |
| 080 ## - UNIVERSAL DECIMAL CLASSIFICATION NUMBER |
| Universal Decimal Classification number |
658.4 T-85 |
| 100 1# - MAIN ENTRY--PERSONAL NAME |
| Personal name |
Tricker, R. Ian |
| Fuller form of name |
(Robert Ian), |
| 9 (RLIN) |
9646 |
| 245 10 - TITLE STATEMENT |
| Title |
Corporate governance : |
| Remainder of title |
principles, policies, and practices / |
| Statement of responsibility, etc. |
Bob Tricker. |
| 250 ## - EDITION STATEMENT |
| Edition statement |
Fourth edition. |
| 264 #1 - PRODUCTION, PUBLICATION, DISTRIBUTION, MANUFACTURE, AND COPYRIGHT NOTICE |
| Place of production, publication, distribution, manufacture |
Oxford ; |
| -- |
New York, NY : |
| Name of producer, publisher, distributor, manufacturer |
Oxford University Press, |
| Date of production, publication, distribution, manufacture, or copyright notice |
[2019]. |
| 300 ## - PHYSICAL DESCRIPTION |
| Extent |
537 p.; |
| Dimensions |
25 cm. |
| 653 ## - INDEX TERM--UNCONTROLLED |
| keyword |
კორპორატიული მართვა |
| 653 ## - INDEX TERM--UNCONTROLLED |
| keyword |
ორგანიზაციის მართვა |
| 942 ## - ADDED ENTRY ELEMENTS (KOHA) |
| Source of classification or shelving scheme |
|
| Koha item type |
წიგნი |